| 000 | 00780nam a22002297a 4500 | ||
|---|---|---|---|
| 005 | 20210325182727.0 | ||
| 008 | s2002 eng d | ||
| 020 | _a9812301550 | ||
| 041 | _aeng | ||
| 050 | _aP92.A9 M42 2002 | ||
| 245 | 1 | 0 | _aMedia fortunes, changing times : ASEAN states in transition |
| 260 | 3 |
_aSingapore : _bInstitute of Southeast Asian Studies, _c2002 |
|
| 300 |
_a252 p. ; _b 22 cm. |
||
| 650 | 0 | 4 | _aMass media -- ASEAN countries -- Congresses |
| 650 | 0 | 4 | _aMass media -- Asia, Southeastern -- Congresses |
| 650 | 0 | 4 | _aMass media policy -- ASEAN countries -- Congresses |
| 650 | 0 | 4 | _aMass media policy -- Asia, Southeastern -- Congresses |
| 850 | _aNALT | ||
| 942 | _cGB | ||
| 997 | _c000000000015286 | ||
| 998 | _aBENJALUCK SUTTHIWILAI | ||
| 999 |
_c15286 _d15286 |
||